|
|
|
|
| LEADER |
00000nab a2200000ua 4500 |
| 001 |
vtls010786494 |
| 003 |
SK-MaSNL |
| 005 |
20260303120238.0 |
| 008 |
230131s1958 xo |||||||||||||||||slo| |
| 035 |
|
|
|a (urnnbn)urn:nbn:sk:snk:ar-a000c0
|
| 035 |
|
|
|a (uuid)b5331a36-5ffe-4522-83d2-49783491f428
|
| 035 |
|
|
|a urn:nbn:sk:snk-ab4yjd
|
| 040 |
|
|
|a SNKBUCL
|b slo
|c SNKBUCL
|e AACR2
|
| 041 |
0 |
|
|a slo
|
| 044 |
|
|
|a xo
|c SK
|
| 100 |
1 |
|
|a Hejtmánek, Ján,
|d 1905-1978
|4 aut
|9 99688
|
| 245 |
1 |
0 |
|a SAV Výskumný ústav včelársky Liptovský Hrádok
|c Hejtmánek
|
| 773 |
0 |
|
|t Včelár : odborný časopis Povereníctva poľnohospodárstva a lesného hospodárstva a Ústredia včelárskych združení na Slovensku
|g Roč. 32, č. 5 (1958), s. [80b]
|
| 954 |
|
|
|a odborná, vedecká literatúra pôvodná (slovenská)
|2 lita
|
| 958 |
|
|
|a OND
|
| 958 |
|
|
|a EUIPO
|
| 958 |
|
|
|a article3
|
| 999 |
|
|
|c 1908382
|d 1910312
|